000 00328pab a2200133 454500
008 180718b1990 xxu||||| |||| 00| 0 eng d
245 _aPERT/Cost - a versatile project management tool
260 _c1990
300 _a905-9
362 _aMay
650 _aProject Management
773 _aChartered Accountant
909 _a15682
999 _c15682
_d15682